00567nam a2200157Ia 4500008004100000100001700041245008600058245004300144260004900187260000900236300001100245650001300256856004800269999001900317952007300336170221s9999 xx 000 0 und d aTih Koon Tan aFinancial Distress and Firm Performance: Evidence from the Asian Financial Crisis cTih Koon Tan, The University of Tampa. bJournal of Management and Marketing Research c2016 a14 : 1 xBusiness uhttp://www.aabri.com/manuscripts/121199.pdf c311434d311434 001040aCLbCLd2017-02-21l0r2017-02-21 00:00:00w2017-02-21yFOJ